Scheme and the art of programming. / (Record no. 2515)
[ view plain ]
| 000 -LEADER | |
|---|---|
| fixed length control field | 01250nam a22002177a 4500 |
| 008 - FIXED-LENGTH DATA ELEMENTS--GENERAL INFORMATION | |
| fixed length control field | 121113t xxu||||| |||| 00| 0 eng d |
| 020 ## - INTERNATIONAL STANDARD BOOK NUMBER | |
| International Standard Book Number | 0262192888 |
| 050 ## - LIBRARY OF CONGRESS CALL NUMBER | |
| Classification number | QA76.6.Sp8 |
| 100 ## - MAIN ENTRY--PERSONAL NAME | |
| Personal name | Springer, George |
| 245 ## - TITLE STATEMENT | |
| Title | Scheme and the art of programming. / |
| Statement of responsibility, etc. | George Springer and Daniel P. Friedman |
| 260 ## - PUBLICATION, DISTRIBUTION, ETC. | |
| Place of publication, distribution, etc. | New York: |
| Name of publisher, distributor, etc. | MIT Press, |
| Date of publication, distribution, etc. | c1990 |
| 300 ## - PHYSICAL DESCRIPTION | |
| Extent | xxiv, 594 p.: |
| Other physical details | ill.; |
| Dimensions | 23cm. |
| 500 ## - GENERAL NOTE | |
| General note | Includes index. |
| 505 ## - FORMATTED CONTENTS NOTE | |
| Formatted contents note | Contents: Data: Data and operators -- Procedures and recursion -- Data abstraction and numbers -- Data driven recursion -- Locally defined procedures -- Interactive programming -- Procedures as values: Abstracting procedures -- Sets and relations -- Managing state: Using vectors -- Sorting and searching -- Mutation -- Object-oriented programming -- Simulation: objects in action -- Extending the language: Declaring special forms -- Using streams -- Control: Introduction to continuations -- Using continuations -- Appendices: The ASCII character set. |
| 650 ## - SUBJECT ADDED ENTRY--TOPICAL TERM | |
| Topical term following geographic name entry element | Computer programming. |
| 650 ## - SUBJECT ADDED ENTRY--TOPICAL TERM | |
| Topical term or geographic name entry element | Object-oriented programming (Computer science) |
| 650 ## - SUBJECT ADDED ENTRY--TOPICAL TERM | |
| Topical term or geographic name entry element | Computer systems |
| General subdivision | Programming languages: Scheme language |
| 700 ## - ADDED ENTRY--PERSONAL NAME | |
| Personal name | Friedman, Daniel P. |
| 700 ## - ADDED ENTRY--PERSONAL NAME | |
| Personal name | Springer, George |
| 942 ## - ADDED ENTRY ELEMENTS (KOHA) | |
| Source of classification or shelving scheme | Library of Congress Classification |
| Koha item type | Books |
| Withdrawn status | Lost status | Source of classification or shelving scheme | Damaged status | Not for loan | Home library | Current library | Shelving location | Date acquired | Total Checkouts | Full call number | Barcode | Date last seen | Price effective from | Koha item type |
|---|---|---|---|---|---|---|---|---|---|---|---|---|---|---|
| Library of Congress Classification | WISCONSIN INTERNATIONAL UNIVERSITY COLLEGE, GHANA - MAIN LIBRARY | WISCONSIN INTERNATIONAL UNIVERSITY COLLEGE, GHANA - MAIN LIBRARY | Reference | 13/11/2012 | QA76.6.Sp8 | 6265/12 | 13/11/2012 | 13/11/2012 | Books |
